000 00503nam a2200181Ia 4500
003 OSt
005 20240417093322.0
008 210210b1951 xxu||||| |||| 00| 0 eng d
040 _cAL
041 _aKannada
082 _a852/391
100 _aBHARADVAJA (Da Kra) ಭಾರದ್ವಾಜ (ದ ಕೃ)
_9160922
245 _aKamalakantana Kadata
_bಕಮಲಾಕಾಂತನ ಕಡತ
260 _aBengaLuru
_b-
_c1951
690 _aKannada Prose
_9160923
906 _a018959
942 _2ddc
_cBK
999 _c142977
_d142977